[Event "SC Steinfurt 1 - SC Rochade Emsdetten 2"]
[Site "Verbandsliga 2017/2018"]
[Date "2018.04.14"]
[Round "8.1"]
[White "Böhlich, Daniel"]
[Black "Grälken, Matthias"]
[Result "1/2-1/2"]
[WhiteElo "2003"]
[BlackElo "2043"]
[PlyCount "41"]
[EventDate "2018.??.??"]
[SourceDate "2017.09.16"]

1. d4 g6 2. c4 Bg7 3. e4 c5 4. Nf3 cxd4 5. Nxd4 Nc6 6. Be3 Nf6 7. Nc3 O-O 8.
Be2 b6 9. O-O Bb7 10. f3 Qb8 11. Qd2 Rd8 12. Rfd1 d6 13. Rac1 Rd7 14. Nd5 Qf8
15. b3 Rdd8 16. Nxc6 Bxc6 17. Bd4 Ne8 18. Qc3 Bh6 19. Be3 Bg7 20. Bd4 Bh6 21.
Be3 1/2-1/2

[Event "SC Steinfurt 1 - SC Rochade Emsdetten 2"]
[Site "Verbandsliga 2017/2018"]
[Date "2018.04.14"]
[Round "8.2"]
[White "Freitag, Julia"]
[Black "Ortmeier, Leonhard"]
[Result "1-0"]
[WhiteElo "2065"]
[BlackElo "2063"]
[PlyCount "99"]
[EventDate "2018.??.??"]
[SourceDate "2017.09.16"]

1. d4 Nf6 2. e3 c5 3. f4 d5 4. Nf3 Nc6 5. c3 Bf5 6. Bd3 Be4 7. dxc5 e6 8. b4 a5
9. b5 Na7 10. Ba3 Bxd3 11. Qxd3 Ne4 12. Nbd2 Nxc5 13. Bxc5 Bxc5 14. Nb3 Qb6 15.
Nxc5 Qxc5 16. a4 Rc8 17. Kd2 O-O 18. Ng5 g6 19. h4 Qc4 20. h5 h6 21. Nf3 Qxd3+
22. Kxd3 Kg7 23. g4 Rce8 24. Rag1 gxh5 25. g5 hxg5 26. Nxg5 Kf6 27. Nh7+ Ke7
28. Nxf8 Rxf8 29. Rxh5 Nc8 30. e4 dxe4+ 31. Kxe4 Nd6+ 32. Kd3 Rc8 33. b6 Rc4
34. Rxa5 Rxf4 35. Ra1 Kd7 36. Rc5 Ke7 37. a5 f5 38. Rc7+ Kf6 39. a6 bxa6 40. b7
Nxb7 41. Rxb7 Rf3+ 42. Kd2 Rf2+ 43. Ke3 Rc2 44. Kd3 Rh2 45. Rxa6 f4 46. Rbb6
Rh3+ 47. Kd4 Re3 48. Rb8 Kf5 49. Ra5+ Kg4 50. Rg8+ 1-0

[Event "SC Steinfurt 1 - SC Rochade Emsdetten 2"]
[Site "Verbandsliga 2017/2018"]
[Date "2018.04.14"]
[Round "8.3"]
[White "Delere, Adrian"]
[Black "Haselhorst, Helmut"]
[Result "1-0"]
[WhiteElo "1828"]
[BlackElo "2070"]
[PlyCount "95"]
[EventDate "2018.??.??"]
[SourceDate "2017.09.16"]

1. e4 c6 2. Ne2 d5 3. e5 c5 4. d4 Nc6 5. c3 Bf5 6. dxc5 e6 7. b4 Nxe5 8. Nd4
Ne7 9. Bf4 N5c6 10. Nb5 Ng6 11. Nc7+ Kd7 12. Bg3 Bxb1 13. Nxa8 Bf5 14. Nc7 Kc8
15. Nb5 e5 16. Bd3 Be6 17. Qa4 a6 18. Na3 Qd7 19. b5 Nb8 20. c6 bxc6 21. bxa6
Bc5 22. Rb1 f5 23. Rb7 Qd6 24. a7 Bxa7 25. Qxa7 f4 26. Rxg7 fxg3 27. hxg3 Nf8
28. Rb7 Nfd7 29. Ba6 Kd8 30. Nc2 Ke7 31. Bd3 Kf6 32. Rh6+ Kg7 33. Qe3 Qe7 34.
Rh5 Qf6 35. Qxe5 Qxe5+ 36. Rxe5 Kf6 37. Re3 Nc5 38. Ra7 Nbd7 39. Nd4 Ne5 40.
Bc2 Bd7 41. Nb3 Nxb3 42. axb3 Be6 43. Rxh7 Rxh7 44. Bxh7 c5 45. g4 d4 46. cxd4
cxd4 47. Rxe5 Kxe5 48. Kd2 1-0

[Event "SC Steinfurt 1 - SC Rochade Emsdetten 2"]
[Site "Verbandsliga 2017/2018"]
[Date "2018.04.14"]
[Round "8.4"]
[White "Arning, Marcus"]
[Black "Nöring, Andreas"]
[Result "1/2-1/2"]
[WhiteElo "1893"]
[BlackElo "1847"]
[PlyCount "103"]
[EventDate "2018.??.??"]
[SourceDate "2017.09.16"]

1. e4 c5 2. Nc3 Nc6 3. Bb5 d6 4. Bxc6+ bxc6 5. f4 Nf6 6. Nf3 Ba6 7. d3 g6 8.
O-O Bg7 9. Qe1 Nd7 10. f5 Ne5 11. Nxe5 Bxe5 12. Bf4 Bxf4 13. Rxf4 Qb6 14. Na4
Qb4 15. b3 Qxe1+ 16. Rxe1 g5 17. Rf2 f6 18. Rd2 Kf7 19. c3 Rac8 20. d4 cxd4 21.
cxd4 c5 22. dxc5 dxc5 23. e5 Bb5 24. Nc3 Bc6 25. exf6 exf6 26. Re6 Rc7 27. Rdd6
Bd7 28. Rxf6+ Kg7 29. Ne4 Rf8 30. Rxf8 Kxf8 31. g4 c4 32. bxc4 Rxc4 33. Nf6 Bc8
34. h3 Ke7 35. Ne4 Rxe4 36. Rh6 Ra4 37. Rxh7+ Kf6 38. Rc7 Bxf5 39. gxf5 Rxa2
40. Rc5 a5 41. Rb5 a4 42. Ra5 a3 43. Kh1 Re2 44. Rxa3 Kxf5 45. Rf3+ Kg6 46. Rg3
Kh5 47. Rg4 Rf2 48. Kg1 Rf4 49. Rxf4 gxf4 50. Kf2 Kh4 51. Kf3 Kxh3 52. Kxf4
1/2-1/2

[Event "SC Steinfurt 1 - SC Rochade Emsdetten 2"]
[Site "Verbandsliga 2017/2018"]
[Date "2018.04.14"]
[Round "8.5"]
[White "Hedwig, Johannes"]
[Black "Wild, Helmut"]
[Result "0-1"]
[WhiteElo "1787"]
[BlackElo "1837"]
[PlyCount "132"]
[EventDate "2018.??.??"]
[SourceDate "2017.09.16"]

1. e4 c6 2. d4 d5 3. Nc3 dxe4 4. Nxe4 Bf5 5. Ng3 Bg6 6. Nf3 Nd7 7. h4 h6 8. Bd3
Bxd3 9. Qxd3 Qc7 10. Bd2 Ngf6 11. O-O-O e6 12. Kb1 O-O-O 13. Rhe1 Bd6 14. Ne4
Nxe4 15. Qxe4 Nf6 16. Qe2 Rhe8 17. Ne5 Bxe5 18. dxe5 Ng8 19. Qg4 g6 20. h5 g5
21. Qa4 b6 22. g3 Kb7 23. Qb3 Rd5 24. f4 Red8 25. Kc1 Qd7 26. Qe3 gxf4 27. gxf4
Ne7 28. Qe2 Nf5 29. Rg1 c5 30. Qf3 Kc7 31. Qe2 Qa4 32. Kb1 Nd4 33. Qe4 Qd7 34.
Rg2 Nf5 35. Qe2 Qe7 36. c3 Rd3 37. Kc1 Qd7 38. Rgg1 Qa4 39. Kb1 Ne3 40. b3 Qd7
41. Rc1 Nf5 42. Be1 Qd5 43. Rf1 Rh3 44. Kb2 Qd3 45. Qxd3 Rdxd3 46. Rc2 Ne3 47.
Rg1 Nxc2 48. Kxc2 Rdf3 49. Rg2 Rxh5 50. Bd2 Rf5 51. Rh2 h5 52. a4 Kc6 53. b4 c4
54. b5+ Kb7 55. Kb2 a5 56. Kc2 Kc7 57. Bc1 Rd3 58. Bd2 Kd7 59. Bc1 Ke8 60. Bd2
Ke7 61. Bc1 f6 62. exf6+ Kxf6 63. Bd2 Rfd5 64. Kc1 Rxd2 65. Rxd2 Rxd2 66. Kxd2
h4 0-1

[Event "SC Steinfurt 1 - SC Rochade Emsdetten 2"]
[Site "Verbandsliga 2017/2018"]
[Date "2018.04.14"]
[Round "8.6"]
[White "Janning, Rainer"]
[Black "Hemmers, Dieter"]
[Result "1-0"]
[WhiteElo "1901"]
[BlackElo "1816"]
[PlyCount "59"]
[EventDate "2018.??.??"]
[SourceDate "2017.09.16"]

1. f4 c5 2. e3 d6 3. Nf3 g6 4. d3 Bg7 5. Be2 Nc6 6. O-O Nf6 7. Qe1 O-O 8. Nc3
Rb8 9. Qh4 e6 10. e4 Nh5 11. g4 Qxh4 12. Nxh4 Nf6 13. f5 Ne8 14. Bd2 Nd4 15.
Bd1 b5 16. Rb1 Bd7 17. Ne2 Nxe2+ 18. Bxe2 exf5 19. exf5 Bc6 20. Bf3 Bxf3 21.
Rxf3 Bd4+ 22. Kf1 Be5 23. h3 Kg7 24. Ng2 Nc7 25. b3 Nd5 26. Re1 b4 27. Ne3
Nxe3+ 28. Bxe3 Rb5 29. fxg6 fxg6 30. Bh6+ 1-0

[Event "SC Steinfurt 1 - SC Rochade Emsdetten 2"]
[Site "Verbandsliga 2017/2018"]
[Date "2018.04.14"]
[Round "8.7"]
[White "Wissing, Philipp"]
[Black "Raue, Thorsten"]
[Result "1-0"]
[WhiteElo "1826"]
[BlackElo "1835"]
[PlyCount "119"]
[EventDate "2018.??.??"]
[SourceDate "2017.09.16"]

1. e4 Nc6 2. Nf3 f5 3. exf5 d5 4. d4 Bxf5 5. Bb5 e6 6. Ne5 Nge7 7. g4 Be4 8. f3
Bg6 9. h4 a6 10. Bxc6+ Nxc6 11. Nxg6 hxg6 12. Qd3 Qf6 13. Bg5 Qxd4 14. Qxg6+
Kd7 15. c3 Qb6 16. Qc2 Bd6 17. Nd2 Bg3+ 18. Kd1 Raf8 19. Qb3 Qxb3+ 20. axb3 Ne5
21. Ke2 Bf4 22. Bxf4 Rxf4 23. Ra4 Rxa4 24. bxa4 Ng6 25. h5 Nf4+ 26. Ke3 e5 27.
Nf1 Ke6 28. Ng3 c5 29. Nf5 g6 30. Ng7+ Kf6 31. h6 g5 32. Nf5 Ng6 33. Rh5 d4+
34. Kd2 Rd8 35. c4 b5 36. Ng3 Nf4 37. Ne4+ Kg6 38. Rxg5+ Kxh6 39. Rxe5 bxc4 40.
Rxc5 c3+ 41. bxc3 dxc3+ 42. Kxc3 Rd3+ 43. Kc4 Rxf3 44. Rc6+ Kg7 45. Rxa6 Nh3
46. g5 Rf4 47. Kd3 Rf5 48. Kc4 Nxg5 49. Nxg5 Rxg5 50. Re6 Rg1 51. a5 Ra1 52.
Kb5 Rb1+ 53. Ka6 Kf7 54. Re5 Rb2 55. Ka7 Rb1 56. a6 Ra1 57. Rb5 Re1 58. Kb6
Re6+ 59. Ka5 Rxa6+ 60. Kxa6 1-0

[Event "SC Steinfurt 1 - SC Rochade Emsdetten 2"]
[Site "Verbandsliga 2017/2018"]
[Date "2018.04.14"]
[Round "8.8"]
[White "Yust, Evgeniy"]
[Black "Wehmeier, Sven"]
[Result "0-1"]
[WhiteElo "1877"]
[BlackElo "1768"]
[PlyCount "182"]
[EventDate "2018.??.??"]
[SourceDate "2017.09.16"]

1. e4 e5 2. Nf3 Nc6 3. Bb5 a6 4. Ba4 Bc5 5. O-O Qf6 6. c3 b5 7. Bb3 Nge7 8. d4
exd4 9. Bg5 Qg6 10. Bxe7 Bxe7 11. cxd4 O-O 12. Bd5 Rb8 13. Nbd2 Nb4 14. Bb3 c5
15. Ne5 Qd6 16. Ndf3 c4 17. Bc2 Nxc2 18. Qxc2 Qb6 19. d5 f6 20. Ng4 Bc5 21. e5
f5 22. Ne3 Bxe3 23. fxe3 Qxe3+ 24. Kh1 Qc5 25. Rad1 Bb7 26. Qd2 Rbe8 27. Rfe1
Qe7 28. Qd4 Qb4 29. a3 Qe7 30. Qb6 Bc8 31. Nd4 f4 32. Qc7 Rf7 33. d6 Qh4 34. a4
bxa4 35. Nf3 Qh6 36. Qxc4 g5 37. e6 Rxe6 38. Rxe6 Qxe6 39. Qxc8+ Rf8 40. Qc5 g4
41. Qg5+ Kh8 42. Qe5+ Rf6 43. Qxe6 Rxe6 44. Ng5 Re2 45. Kg1 h6 46. Kf1 Rxb2 47.
Nf7+ Kg7 48. Ne5 Rb7 49. Nxg4 h5 50. Nf2 Kf7 51. Ke2 Rb2+ 52. Kf3 a3 53. Rd3 a2
54. Ra3 Rb3+ 55. Rxb3 a1=Q 56. Rd3 Qf1 57. Rd5 Kg6 58. Re5 Qc4 59. Ne4 Qf1+ 60.
Nf2 Qc1 61. Nd3 Qc3 62. Rd5 Kf6 63. Ke4 Qc4+ 64. Rd4 Qe6+ 65. Kxf4 Qg4+ 66. Ke3
Qxg2 67. h4 Qg3+ 68. Kd2 Qg2+ 69. Kc3 Qc6+ 70. Kb4 Qb5+ 71. Kc3 a5 72. Nb2 Qc5+
73. Nc4 a4 74. Rf4+ Ke6 75. Re4+ Kf5 76. Re7 Qb5 77. Kd4 a3 78. Nxa3 Qb2+ 79.
Kd5 Qxa3 80. Rf7+ Kg6 81. Rxd7 Qa8+ 82. Kc5 Kf6 83. Re7 Qa6 84. Rc7 Ke6 85.
Re7+ Kf6 86. Rc7 Qa5+ 87. Kc6 Qa4+ 88. Kb7 Ke6 89. d7 Ke7 90. Kb6 Kd8 91. Ra7
Qxh4 0-1

[Event "Schach Nienberge 2 - SK Dülmen 1"]
[Site "Verbandsliga 2017/2018"]
[Date "2018.04.14"]
[Round "8.3"]
[White "Grund, Wolfgang"]
[Black "Kipp, Lucas"]
[Result "1/2-1/2"]
[WhiteElo "1884"]
[BlackElo "1878"]
[PlyCount "78"]
[EventDate "2018.??.??"]
[SourceDate "2017.09.16"]

1. e4 e6 2. d4 d5 3. e5 c5 4. c3 Qb6 5. Nf3 Bd7 6. Be2 Bb5 7. O-O Nc6 8. Bxb5
Qxb5 9. Na3 Qb6 10. Nc2 Nh6 11. Ne3 Be7 12. h3 O-O-O 13. a4 f6 14. a5 Qc7 15.
exf6 Bxf6 16. a6 Nf7 17. axb7+ Qxb7 18. dxc5 h5 19. Nc2 g5 20. Nfd4 g4 21. Nxc6
Qxc6 22. Rxa7 Rd7 23. Nb4 Qxc5 24. Rxd7 Kxd7 25. Qa4+ Ke7 26. Be3 Qc4 27. Qa3
Ke8 28. h4 Bxh4 29. Bd4 Rg8 30. Re1 Nd8 31. Bb6 g3 32. f4 Be7 33. Qa7 Rg4 34.
Qa4+ Kf8 35. Be3 Rxf4 36. Qd1 Bc5 37. Nc2 Rf2 38. Nd4 Bxd4 39. Bxd4 Rf5 1/2-1/2

[Event "Schach Nienberge 2 - SK Dülmen 1"]
[Site "Verbandsliga 2017/2018"]
[Date "2018.04.14"]
[Round "8.4"]
[White "Wetterau, Georg"]
[Black "Nolting, Bodo"]
[Result "0-1"]
[WhiteElo "1805"]
[BlackElo "1735"]
[PlyCount "114"]
[EventDate "2018.??.??"]
[SourceDate "2017.09.16"]

1. e4 e5 2. Nf3 Nf6 3. Nc3 Nc6 4. Bc4 Nxe4 5. Nxe4 d5 6. Bd3 dxe4 7. Bxe4 Bd6
8. d3 Bg4 9. h3 Bh5 10. c3 O-O 11. Qb3 Na5 12. Qc2 f5 13. Bd5+ Kh8 14. g4 c6
15. gxh5 cxd5 16. Bg5 Qe8 17. h6 gxh6 18. Bd2 Qh5 19. Ng1 e4 20. c4 Nc6 21.
Qc3+ Kg8 22. cxd5 Nb4 23. Ne2 Nxd3+ 24. Kf1 Be5 25. Qb3 Rf7 26. Bc3 Qf3 27.
Rg1+ Rg7 28. Rxg7+ Bxg7 29. d6+ Kf8 30. Bxg7+ Kxg7 31. Qc3+ Kg6 32. Qd4 Qxh3+
33. Kg1 Rg8 34. Qd5 Rg7 35. Qd4 Kf7+ 36. Ng3 Nf4 37. Qc4+ Kg6 38. Qf1 Qxf1+ 39.
Kxf1 Nd3 40. Ke2 Rd7 41. Rg1 Nf4+ 42. Ke3 Nd5+ 43. Ke2 Kf6 44. Nh5+ Ke5 45. Rg7
Rxd6 46. b3 Nc3+ 47. Kf1 Rb6 48. Rxh7 Nxa2 49. Re7+ Kd6 50. Rh7 Rxb3 51. Rxh6+
Ke5 52. Ng3 Rb2 53. Ke1 Nb4 54. Ne2 Nd3+ 55. Kf1 a5 56. Rh8 Rb1+ 57. Kg2 Nf4+
0-1

[Event "Schach Nienberge 2 - SK Dülmen 1"]
[Site "Verbandsliga 2017/2018"]
[Date "2018.04.14"]
[Round "8.5"]
[White "Lödding, Detlef"]
[Black "Schipke, Thorsten"]
[Result "1/2-1/2"]
[WhiteElo "1862"]
[BlackElo "1839"]
[PlyCount "120"]
[EventDate "2018.??.??"]
[SourceDate "2017.09.16"]

1. g3 e5 2. c4 Nc6 3. Bg2 f5 4. e3 Nf6 5. Ne2 Be7 6. d4 e4 7. a3 d6 8. b4 O-O
9. Nbc3 Qe8 10. Bb2 Qf7 11. Qb3 a6 12. Nd5 Bd8 13. Rc1 Nb8 14. Nxf6+ Bxf6 15.
d5 Nd7 16. Nd4 Ne5 17. Bf1 Bd7 18. Be2 g5 19. c5 f4 20. gxf4 gxf4 21. Ne6 fxe3
22. fxe3 Bxe6 23. dxe6 Qe7 24. cxd6 cxd6 25. Kd1 d5 26. Bd4 Qxe6 27. Rg1+ Kh8
28. Rc7 Rac8 29. Rc5 Rxc5 30. bxc5 Nf3 31. Bxf3 exf3 32. Qc3 f2 33. Rf1 Qg4+
34. Kd2 Qf3 35. Bxf6+ Rxf6 36. Qe5 Kg7 37. Qg3+ Qxg3 38. hxg3 Rf3 39. Ke2 Rxg3
40. Rxf2 Rg5 41. Kd3 h5 42. Rb2 Rg4 43. Rxb7+ Kf6 44. Rb6+ Ke5 45. Rxa6 Rc4 46.
Rh6 Rxc5 47. Rxh5+ Kd6 48. Rh4 Rc1 49. Ra4 Rd1+ 50. Kc2 Re1 51. Kd2 Ra1 52. Ra8
Ke5 53. Kc3 Ke4 54. Re8+ Kf3 55. Kb4 Re1 56. Kc5 Ra1 57. Kxd5 Rxa3 58. e4 Ra5+
59. Kc6 Ra6+ 60. Kc5 Kf4 1/2-1/2

[Event "Schach Nienberge 2 - SK Dülmen 1"]
[Site "Verbandsliga 2017/2018"]
[Date "2018.04.14"]
[Round "8.6"]
[White "Schulte Austum, Frank"]
[Black "Tecklenborg, Georg"]
[Result "1/2-1/2"]
[WhiteElo "1744"]
[BlackElo "1810"]
[PlyCount "75"]
[EventDate "2018.??.??"]
[SourceDate "2017.09.16"]

1. d4 d5 2. Nf3 e6 3. Bf4 f5 4. c4 Nf6 5. Nc3 Be7 6. e3 O-O 7. h4 Ne4 8. Be2 c6
9. Qc2 Nd7 10. a3 Ndf6 11. Ne5 Nxc3 12. bxc3 Ne4 13. h5 Qa5 14. Bd3 Qxc3+ 15.
Qxc3 Nxc3 16. c5 Ne4 17. Bxe4 fxe4 18. Ke2 Bf6 19. Rab1 Bxe5 20. Bxe5 b6 21.
cxb6 Ba6+ 22. Ke1 axb6 23. Rxb6 Bb5 24. Bd6 Rfd8 25. Bc5 Rdb8 26. Rxb8+ Rxb8
27. Kd2 Bc4 28. Bb4 Kf7 29. f4 exf3 30. gxf3 Rb7 31. f4 Kf6 32. Rg1 Kf5 33.
Rg5+ Kf6 34. Rg3 Bf1 35. Rg1 Bh3 36. Rg3 Bf5 37. Kc3 g6 38. h6 1/2-1/2

[Event "Schach Nienberge 2 - SK Dülmen 1"]
[Site "Verbandsliga 2017/2018"]
[Date "2018.04.14"]
[Round "8.7"]
[White "Kötting, Hans-Erich"]
[Black "Scharlow, Siegmar"]
[Result "1-0"]
[WhiteElo "1850"]
[BlackElo "1691"]
[PlyCount "97"]
[EventDate "2018.??.??"]
[SourceDate "2017.09.16"]

1. d4 Nf6 2. Nf3 g6 3. Bf4 Bg7 4. Nbd2 d5 5. e3 O-O 6. h3 c5 7. c3 cxd4 8. exd4
Nc6 9. Bd3 Re8 10. Ne5 Nxe5 11. Bxe5 Nd7 12. Bxg7 Kxg7 13. O-O Qb6 14. Qb3 Qxb3
15. Nxb3 b6 16. Bb5 e6 17. Rfe1 a6 18. Bc6 Ra7 19. Bxd5 Nf6 20. Bf3 Bb7 21. Nd2
Kf8 22. Rac1 Bxf3 23. Nxf3 Rc7 24. c4 Rec8 25. b3 Nd5 26. a3 b5 27. c5 h5 28.
g3 Ne7 29. Rcd1 Rd8 30. Rd2 Nc6 31. Red1 Ne7 32. Kf1 Nd5 33. Re1 Ne7 34. Re4
Nd5 35. Rc2 Ne7 36. h4 Nd5 37. Re1 Ne7 38. Ke2 Nc6 39. Ke3 Ne7 40. Kd3 Nc6 41.
Kc3 Rcd7 42. Rd2 Ne7 43. a4 Rb7 44. axb5 Rxb5 45. Rb1 Nd5+ 46. Kc4 Rdb8 47.
Rdb2 a5 48. Ne5 Rb4+ 49. Kd3 1-0

[Event "Schach Nienberge 2 - SK Dülmen 1"]
[Site "Verbandsliga 2017/2018"]
[Date "2018.04.14"]
[Round "8.8"]
[White "Van de Vyle, Jan"]
[Black "Bienhüls, Michael"]
[Result "1-0"]
[WhiteElo "1778"]
[BlackElo "1676"]
[PlyCount "59"]
[EventDate "2018.??.??"]
[SourceDate "2017.09.16"]

1. e4 c5 2. Nf3 Nc6 3. Bb5 g6 4. Nc3 Bg7 5. d3 Nd4 6. Bc4 d6 7. h3 Nf6 8. Be3
Nxf3+ 9. Qxf3 O-O 10. O-O a6 11. a4 Rb8 12. a5 Nd7 13. Qe2 Ne5 14. Bb3 Nc6 15.
Qd2 Nxa5 16. Ba2 Nc6 17. Nd1 b5 18. c3 Bb7 19. f4 Qd7 20. Nf2 Kh8 21. f5 gxf5
22. exf5 Ne5 23. d4 cxd4 24. cxd4 Nc4 25. Bxc4 bxc4 26. Ng4 Rg8 27. d5 Qb5 28.
f6 exf6 29. Bd4 f5 30. Rxf5 1-0

[Event "SF Telgte 1 - SK Münster 4"]
[Site "Verbandsliga 2017/2018"]
[Date "2018.04.14"]
[Round "8.1"]
[White "Schulz, Stefan"]
[Black "Hackl-Sommer, René"]
[Result "1/2-1/2"]
[WhiteElo "1885"]
[BlackElo "1984"]
[PlyCount "26"]
[EventDate "2018.??.??"]
[SourceDate "2017.09.16"]

1. d4 f5 2. g3 Nf6 3. Bg2 g6 4. c3 Bg7 5. Nd2 d5 6. Ndf3 O-O 7. Ne5 Nbd7 8.
Ngf3 c6 9. Bf4 Nxe5 10. Bxe5 Bh6 11. h4 Nh5 12. e3 e6 13. b4 a5 1/2-1/2

[Event "SF Telgte 1 - SK Münster 4"]
[Site "Verbandsliga 2017/2018"]
[Date "2018.04.14"]
[Round "8.2"]
[White "Lodde, Martin"]
[Black "Jansen, Dirk"]
[Result "1/2-1/2"]
[WhiteElo "1946"]
[BlackElo "1926"]
[PlyCount "93"]
[EventDate "2018.??.??"]
[SourceDate "2017.09.16"]

1. d4 e6 2. Nf3 d5 3. g3 c5 4. Bg2 Nc6 5. O-O Nf6 6. c4 Be7 7. Nc3 O-O 8. cxd5
exd5 9. Bf4 c4 10. b3 cxb3 11. axb3 Bf5 12. Ne5 Nb4 13. Qd2 a6 14. Rfc1 Rc8 15.
f3 Re8 16. g4 Be6 17. Na4 Nd7 18. Rxc8 Qxc8 19. Rc1 Qd8 20. Nxd7 Qxd7 21. Nc5
Bxc5 22. Rxc5 Nc6 23. Bg3 Qd8 24. h3 Qb6 25. Qc3 f6 26. Bf2 Bf7 27. e3 h5 28.
f4 hxg4 29. Bxd5 Bxd5 30. Rxd5 Ne7 31. Rc5 Qe6 32. Qc4 Qxc4 33. bxc4 gxh3 34.
Kh2 Rc8 35. Rxc8+ Nxc8 36. c5 b5 37. Be1 f5 38. Kxh3 Ne7 39. Kg3 Nd5 40. c6 Kf7
41. Kf3 Ke6 42. e4 fxe4+ 43. Kxe4 Kd6 44. c7 Nxc7 45. Bb4+ Kc6 46. f5 Nd5 47.
Bf8 1/2-1/2

[Event "SF Telgte 1 - SK Münster 4"]
[Site "Verbandsliga 2017/2018"]
[Date "2018.04.14"]
[Round "8.3"]
[White "Voß, Norbert"]
[Black "Kuhlenbäumer, Willi"]
[Result "1/2-1/2"]
[WhiteElo "1850"]
[BlackElo "1925"]
[PlyCount "27"]
[EventDate "2018.??.??"]
[SourceDate "2017.09.16"]

1. c4 Nf6 2. g3 g6 3. Bg2 Bg7 4. Nc3 O-O 5. e4 e5 6. Nge2 d6 7. O-O Ne8 8. d4
Nc6 9. Be3 exd4 10. Nxd4 Ne5 11. b3 h5 12. h3 c5 13. Nde2 Bd7 14. f4 1/2-1/2

[Event "SF Telgte 1 - SK Münster 4"]
[Site "Verbandsliga 2017/2018"]
[Date "2018.04.14"]
[Round "8.4"]
[White "Junker, Axel"]
[Black "Schöpper, Oliver"]
[Result "1/2-1/2"]
[WhiteElo "1878"]
[BlackElo "1816"]
[PlyCount "83"]
[EventDate "2018.??.??"]
[SourceDate "2017.09.16"]

1. c4 e6 2. g3 d5 3. d4 Nf6 4. Bg2 Be7 5. Nf3 Nbd7 6. Qc2 c6 7. O-O O-O 8. b3
b6 9. cxd5 cxd5 10. Qc6 Ba6 11. Re1 Bxe2 12. Ng5 Rc8 13. Qa4 Qc7 14. Bf4 b5 15.
Qa6 Nb8 16. Nxe6 Qxf4 17. Qxc8 Qg4 18. Qc2 fxe6 19. Qxe2 Qxe2 20. Rxe2 Kf7 21.
Bh3 Ne4 22. f3 Ng5 23. Bg2 Bf6 24. Rd2 Nc6 25. Nc3 Bxd4+ 26. Rxd4 Nxd4 27. Rd1
Ndxf3+ 28. Bxf3 Nxf3+ 29. Kg2 Ke7 30. Nxb5 a6 31. Nc7 a5 32. h4 Rf6 33. Nb5 Ne5
34. Re1 Ng4 35. a4 Rf2+ 36. Kg1 Rf3 37. Kg2 Rf2+ 38. Kg1 h5 39. Nd4 Rf6 40.
Nc6+ Kd6 41. Nxa5 Rf3 42. Kg2 1/2-1/2

[Event "SF Telgte 1 - SK Münster 4"]
[Site "Verbandsliga 2017/2018"]
[Date "2018.04.14"]
[Round "8.5"]
[White "Voß, Andreas"]
[Black "Kuhlenbäumer, Alfred"]
[Result "1-0"]
[WhiteElo "1806"]
[BlackElo "1879"]
[PlyCount "79"]
[EventDate "2018.??.??"]
[SourceDate "2017.09.16"]

1. d4 f5 2. Bg5 g6 3. Nc3 Bg7 4. e4 fxe4 5. Nxe4 c6 6. Nd6+ Kf8 7. Qf3+ Nf6 8.
Nxc8 Qxc8 9. h4 h6 10. Be3 Qc7 11. Bd3 Qa5+ 12. c3 Qh5 13. Qxh5 gxh5 14. f3 a5
15. O-O-O Na6 16. Ne2 Nd5 17. Bd2 b5 18. Nf4 Nxf4 19. Bxf4 Kf7 20. Rh3 Bf6 21.
g4 hxg4 22. fxg4 Rhg8 23. Rg1 h5 24. g5 Bg7 25. Rf3 Ke8 26. Bg6+ Kd8 27. Bg3 b4
28. Bxh5 a4 29. Kc2 c5 30. Bf7 Rf8 31. Be5 Bxe5 32. dxe5 e6 33. g6 Ke7 34. h5
c4 35. Rgf1 b3+ 36. axb3 cxb3+ 37. Kc1 Nc5 38. g7 Nd3+ 39. Rxd3 Rxf7 40. Rxf7+
1-0

[Event "SF Telgte 1 - SK Münster 4"]
[Site "Verbandsliga 2017/2018"]
[Date "2018.04.14"]
[Round "8.6"]
[White "Esser, Peter"]
[Black "Börger, Andreas"]
[Result "1/2-1/2"]
[WhiteElo "1749"]
[BlackElo "1774"]
[PlyCount "78"]
[EventDate "2018.??.??"]
[SourceDate "2017.09.16"]

1. d4 d5 2. c4 c6 3. Nf3 Nf6 4. e3 g6 5. Bd3 Bg7 6. Qc2 Na6 7. a3 Nc7 8. b3 Bg4
9. Ne5 Qc8 10. O-O Bf5 11. Nd2 Bxd3 12. Qxd3 Nd7 13. Nxd7 Qxd7 14. Bb2 Rd8 15.
Nf3 dxc4 16. Qxc4 O-O 17. Rac1 Qd5 18. Rc2 Ne6 19. Rfc1 Qf5 20. Qe2 Ng5 21.
Nxg5 Qxg5 22. Rc5 Qh4 23. a4 Qe4 24. Qc2 Qe6 25. h3 f5 26. Qc4 Qxc4 27. R5xc4
Rd5 28. Ba3 Re8 29. f4 Bf8 30. Bc5 a6 31. a5 e6 32. b4 Be7 33. g3 Bd8 34. Kf2
Kf7 35. Kf3 Rg8 36. h4 h6 37. R4c2 Rd7 38. Rh2 Bf6 39. g4 Bd8 1/2-1/2

[Event "SF Telgte 1 - SK Münster 4"]
[Site "Verbandsliga 2017/2018"]
[Date "2018.04.14"]
[Round "8.7"]
[White "Sokolowski, Cyril"]
[Black "Dieckmann, Werner"]
[Result "1-0"]
[WhiteElo "1725"]
[BlackElo "1807"]
[PlyCount "93"]
[EventDate "2018.??.??"]
[SourceDate "2017.09.16"]

1. e4 e5 2. Nf3 Nc6 3. Bc4 d6 4. c3 Be7 5. O-O Nf6 6. d3 O-O 7. Nbd2 Na5 8. Bb5
c6 9. Ba4 b5 10. Bc2 c5 11. Qe2 Nc6 12. Rd1 Bg4 13. h3 Bh5 14. Nf1 h6 15. Ng3
Bxf3 16. Qxf3 Nh7 17. Nf5 Bg5 18. Qg3 Qf6 19. Bxg5 hxg5 20. Bb3 Ne7 21. Ne3 a5
22. f3 a4 23. Bc2 Rfc8 24. Rac1 Nf8 25. b3 a3 26. d4 cxd4 27. cxd4 Nfg6 28.
dxe5 Qxe5 29. Qxe5 dxe5 30. Bd3 b4 31. Rxc8+ Rxc8 32. Bc4 Nc6 33. Rd7 Nge7 34.
Nc2 Kf8 35. Kf1 Ke8 36. Rb7 Na5 37. Rxb4 Nxc4 38. Rxc4 Ra8 39. Ke2 Kd7 40. Kd3
Nc6 41. b4 g6 42. Kc3 Rb8 43. Nxa3 Nd4 44. Nc2 Ne2+ 45. Kb2 Nf4 46. Ne3 Nd3+
47. Kb3 1-0

[Event "SF Telgte 1 - SK Münster 4"]
[Site "Verbandsliga 2017/2018"]
[Date "2018.04.14"]
[Round "8.8"]
[White "Schenke, Conrad"]
[Black "Baumann, Eva"]
[Result "0-1"]
[WhiteElo "1696"]
[BlackElo "1671"]
[PlyCount "64"]
[EventDate "2018.??.??"]
[SourceDate "2017.09.16"]

1. e4 e5 2. Nf3 Nc6 3. Bb5 a6 4. Ba4 Nf6 5. d3 b5 6. Bb3 Be7 7. Nc3 d6 8. Nd5
Nxd5 9. Bxd5 Bb7 10. Bd2 Rb8 11. O-O O-O 12. Qc1 h6 13. b4 Nd4 14. Nxd4 exd4
15. Bxb7 Rxb7 16. a4 c5 17. axb5 axb5 18. Ra6 Qc7 19. c3 dxc3 20. Qxc3 Rfb8 21.
Qa3 Rb6 22. Rxb6 Rxb6 23. Rc1 Qb7 24. Ra1 Bf6 25. Ra2 c4 26. Bc3 Bxc3 27. Qxc3
Rc6 28. d4 Ra6 29. Re2 Qa7 30. Re1 Ra3 31. Qd2 Rd3 32. Qc2 Qxd4 0-1

[Event "TV Borken 1 - SV Heiden 1"]
[Site "Verbandsliga 2017/2018"]
[Date "2018.04.14"]
[Round "8.1"]
[White "Berger, Alfred"]
[Black "Schulze-Schwering, Philipp"]
[Result "0-1"]
[WhiteElo "1969"]
[BlackElo "2081"]
[PlyCount "104"]
[EventDate "2018.??.??"]
[SourceDate "2017.09.16"]

1. c4 e5 2. Nc3 Nf6 3. g3 d5 4. cxd5 Nxd5 5. Bg2 Nb6 6. Nf3 Nc6 7. O-O Be7 8.
a3 a5 9. d3 Be6 10. Be3 Nd5 11. Nxd5 Bxd5 12. Rc1 O-O 13. Qa4 f6 14. Qb5 Kh8
15. Rfd1 a4 16. Bd2 Ra6 17. Nh4 Bxg2 18. Kxg2 Rb6 19. Qxa4 Rxb2 20. Nf5 Qd5+
21. e4 Qe6 22. Rb1 Rxb1 23. Rxb1 Rb8 24. Be3 Qc8 25. Qc4 Bxa3 26. Qf7 Bf8 27.
Bc5 Nd4 28. Rxb7 Qxb7 29. Nxd4 Bxc5 30. Ne6 c6 31. Qxb7 Rxb7 32. Nxc5 Rb5 33.
Ne6 Rb3 34. d4 exd4 35. Nxd4 Rc3 36. Ne2 Ra3 37. Nd4 c5 38. Nc2 Rd3 39. Ne3 Kg8
40. Kf3 Kf7 41. Ke2 Rd4 42. f3 g6 43. Nc2 Rd8 44. Ne3 Ke6 45. Nd5 Rxd5 46.
exd5+ Kxd5 47. Kd3 c4+ 48. Ke3 Kc5 49. h4 Kb4 50. Kd2 Kb3 51. Kc1 h5 52. g4 Kc3
0-1